02559cam a2200313 a 450000100090000000300040000900500170001300800410003001000170007102000180008804000190010604300120012505000240013708200230016110000230018424500520020725000120025926000510027130000140032250400640033650504190040052009710081965000410179065100410183185600840187285600920195685601060204885600910215415945962OSt20200515090729.0091015s2010 nyuab b 001 0 eng  a 2009043212 a9780521644129 aDLCcoclcdDLC aa-su---00aDS224.52b.A43 201000a953.805222bRAS/H aAl-Rasheed, Madawi12aA history of Saudi Arabia /cMadawi al-Rasheed. a2nd ed. aNew York :bCambridge University Press,c2010. a 317 p. : aIncludes bibliographical references (p. 291-305) and index.8 aMachine generated contents note: Introduction; 1. Society and politics, 1744-1818 and 1824-1891; 2. The emerging state, 1902-1932; 3. Control and loyalty, 1932-1953; 4. The politics of dissent, 1953-1973; 5. From affluence to austerity, 1973-1990; 6. The Gulf War and its aftermath, 1990-2000; 7. Narratives of the state, narratives of the people; 8. The challenges of a new era; 9. Modernising authoritarian rule. a"This updated edition analyses the challenges, both internal and external, facing Saudi Arabia in the twenty-first century. Two new chapters discuss the political, economic and social developments in the aftermath of 9/11, painting a vivid picture of a country shocked by terrorism and condemned by the international community. Madawi Al-Rasheed reveals that fragmentation of royal politics, a failing economy and fermenting Islamist dissent posed serious threats to state and society in 2001. She assesses the consequent state reforms introduced under pressure of terrorism, international scrutiny and a social mobilisation of men, women and minorities struggling to shape their future against a background of repression and authoritarian rule. While Saudi Arabia is still far from establishing a fourth state, there are signs that the people are ready for a serious change that will lead them to a state of institutions rather than princes"--Provided by publisher. 0aHistory & geographyvIslamic History 0aSaudi ArabiaxHistoryy21st century.423Cover imageuhttp://assets.cambridge.org/97805217/61284/cover/9780521761284.jpg413Table of contents onlyuhttp://www.loc.gov/catdir/enhancements/fy1012/2009043212-t.html423Contributor biographical informationuhttp://www.loc.gov/catdir/enhancements/fy1012/2009043212-b.html423Publisher descriptionuhttp://www.loc.gov/catdir/enhancements/fy1012/2009043212-d.html